00427nam a2200121Ia 450000500170000000800410001708200190005824500270007726000390010430000180014350001190016170000250028020250305015227.0240331s9999 xx 000 0 und d bCOM26705a923 0aCommunist Karthigesan  aOntariobJanaki Balakrishnanc2002 axiii, 406 p., aThe remembrance of Murugupillai Karthigesan who was a dedicated communist, by his alma mater Hindu College, Jaffna aBalakrishnan, Jeedt